000 01986nam a2200445 a 4500
999 _c10695
_d10695
001 10695
003 BD-JhCC
005 20230208134023.0
008 180809t20162016enk 000 d eng d
020 _a9780751565355
020 _a0751565350
035 _a(BD-JhCC)10695
035 _a(UkCU)can978937
035 _a(UkLoRLUK)33
038 _aOCoLC
040 _aSINLB
_erda
_cSINLB
_dSINLB
_dOCLCO
_dSINLB
_dOCLCO
_dSINLB
_dAUAMR
_dOCLCO
_dATSHR
_dOCLCO
_dOCLCF
_dOCLCO
_dUkOxU
_dBD-JhCC
041 _aeng
082 _a822.92
_bTHO 2016
100 1 _aThorne, Jack,
245 1 0 _aHarry Potter and the cursed child.
_nParts one and two /
_cbased on original new story by J.K. Rowling, John Tiffany & Jack Thorne ; a new play by Jack Thorne.
246 3 _aHarry Potter & the cursed child
250 _aSpecial rehearsal edition.
260 _aLondon :
_bLittel, Brown,
_c2016
300 _a343 pages ;
_c24 cm
500 _a"Based on an original new story by J.K. Rowling, John Tiffany & Jack Thorne"--Page preceding title page.
500 _a"First produced by Sonia Friedman Productions, Colin Callender & Harry Potter Theatrical Productions"--Page preceding title page.
500 _aA new play by Jack Thorne.
500 _a"The official script of the original West End production"--Page preceding title page.
520 _aAs an overworked employee of the Ministry of Magic, a husband, and a father, Harry Potter struggles with a past that refuses to stay where it belongs while his youngest son, Albus, finds the weight of the family legacy difficult to bear.
600 1 0 _aPotter, Harry
_c(Fictitious character)
600 1 1 _aPotter, Harry
_c(Fictitious character)
600 1 7 _aPotter, Harry
_c(Fictitious character)
650 0 _aGood and evil
_vDrama.
650 0 _aMagic
_vDrama.
650 7 _aGood and evil.
650 7 _aMagic.
700 1 _aRowling, J. K.,
700 1 _aTiffany, John,
_d1971-
942 _2ddc
_cBK
_025